Ekologija goroda zarubežnyje meždisciplinarnyje koncepcii
Guardado en:
| Autor principal: | |
|---|---|
| Formato: | Libro |
| Lenguaje: | ruso |
| Publicado: |
Moskva
Nauka
1984
|
| Colección: | Sovremennyje problemy biosfery
|
| Etiquetas: |
Sin Etiquetas, Sea el primero en etiquetar este registro!
|
MARC
| LEADER | 00000nam a2200000 4500 | ||
|---|---|---|---|
| 001 | c114855 | ||
| 005 | 20041019155159.7 | ||
| 041 | 0 | |a rus | |
| 044 | |a RU | ||
| 245 | 1 | 0 | |a Ekologija goroda |b zarubežnyje meždisciplinarnyje koncepcii |c O. Janickij |
| 264 | 1 | |a Moskva |b Nauka |c 1984 | |
| 300 | |a 240 s. | ||
| 490 | 1 | |a Sovremennyje problemy biosfery | |
| 830 | 0 | |a Sovremennyje problemy biosfery | |
| 100 | 1 | |a Janickij, O. | |